00593cam a22002171 4500001001300000003000400013005001700017008004100034010001700075035001900092040003700111042001200148050002400160082001100184100003200195245004400227250002300271260004000294300002600334999001500360af 47006393 DLC20260227110837.0821027s1941 sz c 000 0 fre c aaf 47006393  a(OCoLC)8897371 aChicago. Univ. LibrarycViUdDLC apremarc00aPQ2615.O26bI8 1941 a843.911 aHofer, Cilette,d1891-1964.12aL'Isméc[par] Cilette Ofaire [pseud.] aÉd. ne varietur. aLausanne,bGuilde du livrec[1941?] a462 p.bport.c22 cm. c3520d3520